Manual de casos prc̀ticos de ISR 2015

Bibliographic Details
Main Author: Přez Chavez, Još
Other Authors: Fol Olguin, Raymundo
Format: eBook
Language:Spanish
Published: Mx̌ico DF: Tax Editores, 2015
Subjects:
Online Access:Acceso restringido

MARC

LEADER 00000nam a22000007a 4500
005 20150408220243.0
007 cr|||| ||||
008 150408s2015 mx |||||s|||| 00||0 spa d
020 |a 978-607-440-751-8 
035 |a 12659 
040 |a vLex 
090 |c 5396  |d 5396 
100 1 |a Přez Chavez, Još 
245 1 0 |a Manual de casos prc̀ticos de ISR 2015  |h [Recurso electrn̤ico] /  |c Jos ̌Přez Chavez, Raymundo Fol Olguin 
256 |a Servicio en ln̕ea 
260 |a Mx̌ico DF:  |b Tax Editores,  |c 2015 
300 |a 1 recurso electrn̤ico 
500 |a Mediante el estudio de esta obra, los interesados en el r̀ea fiscal estarǹ en posibilidad de conocer las modificaciones que sufre la Ley del ISR cada aǫ, para as ̕interpretar y aplicar de inmediato las disposiciones que deben atender las personas fs̕icas y morales. Esto l︢timo se logra mediante la ejemplificacin̤ sencilla de ms̀ de 200 casos prc̀ticos que incluyen las disposiciones y variantes que contempla la Ley de referencia. Esta obra va dirigida a las personas que se encargan del cumplimiento de las obligaciones fiscales de las personas fs̕icas y morales, a los contadores que se dedican a dar asesora̕ fiscal, a los maestros de impuestos, a los estudiantes, y en general a cualquier persona que se interese en la materia fiscal. Es una herramienta indispensable para el contador. 
506 1 |a Disponible solo en los productos indicados  |d vLex Global  |d vLex Global (Academic Edition, excluding Law Schools)  |d vLex Global (U.S. Academic Edition, Law Schools)  |d vLex Global (U.S. Academic Edition, excluding Law Schools)  |d vLex Global (Academic Edition, Law Schools) 
650 0 4 |a Derecho Fiscal  |z Mx̌ico 
700 1 |a Fol Olguin, Raymundo 
740 0 |a vLex Libros (Servicio en ln̕ea) 
856 4 0 |u http://vlex.com/source/manual-de-casos-practicos-de-isr-2015-12659  |z Acceso restringido 
942 |c BOOK 
999 0 |a Tax Law